International Short Stories : (Record no. 262100)
[ view plain ]
| 000 -LEADER | |
|---|---|
| fixed length control field | 01615cam a22002413a 4500 |
| 001 - CONTROL NUMBER | |
| control field | 32845 |
| 003 - CONTROL NUMBER IDENTIFIER | |
| control field | PGUSA |
| 005 - DATE AND TIME OF LATEST TRANSACTION | |
| control field | 20140828083718.0 |
| 008 - FIXED-LENGTH DATA ELEMENTS--GENERAL INFORMATION | |
| fixed length control field | 100616s2010||||xxu|||||s|||||000 | eng d |
| 040 ## - CATALOGING SOURCE | |
| Original cataloging agency | PGUSA |
| Language of cataloging | eng |
| 042 ## - AUTHENTICATION CODE | |
| Authentication code | dc |
| 050 #4 - LIBRARY OF CONGRESS CALL NUMBER | |
| Classification number | PS |
| 245 10 - TITLE STATEMENT | |
| Title | International Short Stories : |
| Remainder of title | American |
| Medium | [electronic resource] |
| 260 ## - PUBLICATION, DISTRIBUTION, ETC. (IMPRINT) | |
| Name of publisher, distributor, etc | Project Gutenberg, |
| Date of publication, distribution, etc | 2010 |
| 505 0# - FORMATTED CONTENTS NOTE | |
| Formatted contents note | The prophetic pictures / N. Hawthorne -- The legend of Sleepy Hollow / W. Irving -- The gold-bug / E.A. Poe -- Corporal Flint's murder / J.F. Cooper -- Uncle Jim and Uncle Billy / B. Harte -- The notary of Perigueux / H.W. Longfellow -- The widow's cruise / F.R. Stockton -- The count and the wedding guest / O. Henry -- Miss Tooker's wedding gift / J.K. Bangs -- The fable of the two mandolin players and the willing performer / G. Ade -- The fable of the preacher who flew his kite, but not because he wished to do so / G. Ade -- The shadows on the wall / M.E.W. Freeman -- Major Perdue's bargain / J.C. Harris -- A Kentucky Cinderella / F.H. Smith -- By the waters of Paradise / F.M. Crawford -- A memorable night / A.K. Green -- The man from Red Dog / A.H. Lewis -- Jean Michaud's little ship / C.G.D. Roberts -- Those old lunes! / W.G. Simms -- The chiropodist / B. Taylor -- "Mr. Dooley on corporal punishment" / F.P. Dunne -- Over a wood fire / D.G. Mitchell. |
| 506 ## - RESTRICTIONS ON ACCESS NOTE | |
| Terms governing access | Public domain in the USA. |
| 516 ## - TYPE OF COMPUTER FILE OR DATA NOTE | |
| Type of computer file or data note | Electronic text |
| 653 ## - INDEX TERM--UNCONTROLLED | |
| Uncontrolled term | Short stories, American |
| 700 1# - ADDED ENTRY--PERSONAL NAME | |
| Personal name | Patten, William, |
| Dates associated with a name | 1868-1936 |
| 830 #0 - SERIES ADDED ENTRY--UNIFORM TITLE | |
| Uniform title | Project Gutenberg |
| Volume number/sequential designation | 32845 |
| 856 40 - ELECTRONIC LOCATION AND ACCESS | |
| Uniform Resource Identifier | <a href="http://www.gutenberg.org/ebooks/32845">http://www.gutenberg.org/ebooks/32845</a> |
| 942 ## - ADDED ENTRY ELEMENTS (KOHA) | |
| Koha item type | eBooks |
| Withdrawn status | Lost status | Damaged status | Home library | Current library | Date acquired | Total Checkouts | Date last seen | Price effective from | Koha item type |
|---|---|---|---|---|---|---|---|---|---|
| Project Gutenberg | Project Gutenberg | 08/28/2014 | 08/28/2014 | 08/28/2014 | eBooks |